[Event "Vladivostok Primorsky Debut"]
[Site "Vladivostok"]
[Date "2014.07.28"]
[Round "8"]
[White "Gritsenko, Andrey"]
[Black "Muratov, Sergey"]
[Result "1/2-1/2"]
[WhiteElo "2403"]
[BlackElo "2185"]
[PlyCount "124"]
[EventDate "2014.07.21"]
[EventType "swiss"]
[EventRounds "9"]
[EventCountry "RUS"]
[SourceTitle "CBM 161 Extra"]
[Source "ChessBase"]
[SourceDate "2014.08.29"]
[SourceVersion "1"]
[SourceVersionDate "2014.08.29"]
[SourceQuality "1"]

1. d4 Nf6 2. c4 g6 3. g3 Bg7 4. Bg2 c5 5. d5 d6 6. Nc3 0-0 7. Nf3 e6 8. 0-0 exd5 9. cxd5 Re8 10. Nd2 a6 11. a4 Nbd7 12. h3 Rb8 13. Nc4 Ne5 14. Na3 Nh5 15. e4 Bd7 16. a5 Qxa5 17. g4 Nf6 18. f4 Nexg4 19. hxg4 Nxg4 20. f5 h5 21. Bg5 Qb4 22. f6 Bh6 23. Bxh6 Nxh6 24. Qd2 Kh7 25. Nc2 Qb6 26. Ne1 Bg4 27. Bf3 c4+ 28. Kg2 Qa7 29. Qf4 b5 30. Rh1 b4 31. Ne2 Qd7 32. Rxa6 Re5 33. Ng3 g5 34. Qe3 h4 35. Ra7 Rb7 36. Rxb7 Qxb7 37. Bxg4 Nxg4 38. Qf3 Qd7 39. Nf5 Nxf6 40. Nxh4 gxh4 41. Qxf6 Qg4+ 42. Kf2 Qg3+ 43. Kf1 Rxe4 44. Qxf7+ Qg7 45. Qf3 Qg4 46. Qxg4 Rxg4 47. Nc2 c3 48. bxc3 bxc3 49. Ne3 Ra4 50. Ke2 Kg6 51. Kd3 Kf6 52. Rf1+ Kg5 53. Rg1+ Kf6 54. Rf1+ Kg5 55. Rg1+ Kf6 56. Nc4 c2 57. Rc1 Ra2 58. Nxd6 Ke5 59. Nb5 Rb2 60. Kc4 h3 61. d6 Ke6 62. Nd4+ Kxd6 1/2-1/2

[Event "Vladivostok Primorsky Debut"]
[Site "Vladivostok"]
[Date "2014.07.27"]
[Round "7"]
[White "Danin, Alexandre"]
[Black "Gritsenko, Andrey"]
[Result "1-0"]
[WhiteElo "2572"]
[BlackElo "2403"]
[PlyCount "107"]
[EventDate "2014.07.21"]
[EventType "swiss"]
[EventRounds "9"]
[EventCountry "RUS"]
[SourceTitle "CBM 161 Extra"]
[Source "ChessBase"]
[SourceDate "2014.08.29"]
[SourceVersion "1"]
[SourceVersionDate "2014.08.29"]
[SourceQuality "1"]

1. c4 c6 2. Nf3 d5 3. g3 Nf6 4. Bg2 Bf5 5. cxd5 cxd5 6. Qb3 Qd7 7. Ne5 Qc7 8. Nc3 Nc6 9. Nxc6 bxc6 10. d3 e6 11. 0-0 Be7 12. Bf4 Qd7 13. Rac1 0-0 14. Na4 Rfc8 15. Nc5 Qe8 16. Rc2 Nd7 17. Nxd7 Qxd7 18. Qa4 Qb7 19. Rfc1 c5 20. Be3 c4 21. Rxc4 Rxc4 22. dxc4 Qxb2 23. cxd5 exd5 24. Bxd5 Rd8 25. Qc4 Bg6 26. Be4 Bxe4 27. Qxe4 Bf6 28. Qc2 Qa3 29. Rb1 a5 30. Rb7 Qc3 31. Qxc3 Bxc3 32. Rb3 Rc8 33. Rb5 a4 34. Rc5 Rxc5 35. Bxc5 f5 36. f3 Kf7 37. Kf2 Ke6 38. Ke3 Kd5 39. Kd3 Be5 40. Bf2 g5 41. e4+ fxe4+ 42. fxe4+ Ke6 43. h3 h5 44. g4 hxg4 45. hxg4 Bd6 46. Bd4 Bf8 47. Kc4 Bd6 48. Kb5 a3 49. Kc4 Bf8 50. Bc3 Bd6 51. Bb4 Bxb4 52. Kxb4 Ke5 53. Kxa3 Kf4 54. e5 1-0

[Event "Vladivostok Meridian op rap"]
[Site "Vladivostok"]
[Date "2014.07.20"]
[Round "9"]
[White "Babiy, Anatoly"]
[Black "Gritsenko, Andrey"]
[Result "0-1"]
[WhiteElo "2412"]
[BlackElo "2403"]
[PlyCount "45"]
[EventDate "2014.07.18"]
[EventType "swiss (rapid)"]
[EventRounds "11"]
[EventCountry "RUS"]
[SourceTitle "CBM 161 Extra"]
[Source "ChessBase"]
[SourceDate "2014.08.29"]
[SourceVersion "1"]
[SourceVersionDate "2014.08.29"]
[SourceQuality "1"]

1. c4 c6 2. d4 d5 3. Nf3 Nf6 4. Qc2 dxc4 5. Qxc4 Bf5 6. Nc3 Nbd7 7. g3 e6 8. Bg2 Be7 9. 0-0 0-0 10. Re1 Ne4 11. Qb3 Qb6 12. Qxb6 axb6 13. Nd2 Nxd2 14. Bxd2 b5 15. e4 Bg6 16. Be3 Nb6 17. b3 Ra6 18. Re2 Rfa8 19. Rc2 Nd5 20. Nxd5 exd5 21. f3 f5 22. exf5 Bxf5 23. Re2 0-1

[Event "RUS-ch Higher League 67th"]
[Site "Vladivostok"]
[Date "2014.06.10"]
[Round "6"]
[White "Muratov, Sergey"]
[Black "Gritsenko, Andrey"]
[Result "0-1"]
[WhiteElo "2219"]
[BlackElo "2418"]
[PlyCount "106"]
[EventDate "2014.06.04"]
[EventType "swiss"]
[EventRounds "9"]
[EventCountry "RUS"]
[SourceTitle "CBM 161"]
[Source "ChessBase"]
[SourceDate "2014.07.16"]
[SourceVersion "1"]
[SourceVersionDate "2014.07.16"]
[SourceQuality "1"]

1. d4 d5 2. c4 c6 3. Nf3 Nf6 4. e3 Bg4 5. h3 Bh5 6. Nbd2 Nbd7 7. Bd3 e6 8. 0-0 Be7 9. b3 0-0 10. Qc2 c5 11. cxd5 exd5 12. Bb2 b6 13. Ne5 Bg6 14. Nc6 Qe8 15. Nxe7+ Qxe7 16. Bxg6 hxg6 17. dxc5 bxc5 18. Rac1 Qe6 19. Qd3 Rfd8 20. Rfd1 Rac8 21. Nf3 Nb6 22. Ng5 Qe7 23. Rc2 Ne4 24. Nxe4 dxe4 25. Qe2 Rxd1+ 26. Qxd1 Rd8 27. Rd2 Rxd2 28. Qxd2 f6 29. a4 Qe6 30. a5 Nd7 31. Qc3 Ne5 32. Qxc5 Nd3 33. Qc2 Qd5 34. Bc3 a6 35. Bd2 Kh7 36. b4 Qe5 37. Bc3 Qc7 38. Qd2 Qc4 39. Kh1 Qb3 40. Kh2 Qb1 41. Qe2 Qb3 42. Qd2 Qb1 43. Qe2 Qc1 44. Bd4 Nxb4 45. Qg4 Qc7+ 46. Qg3 Qxa5 47. Qh4+ Qh5 48. Qxe4 a5 49. Qe7 Qf5 50. Qc7 Nd3 51. f4 a4 52. Qa7 Ne1 53. Qxa4 Qd5 0-1

[Event "Izmailov Memorial op 16th"]
[Site "Tomsk"]
[Date "2012.08.14"]
[Round "9"]
[White "Gritsenko, Andrey"]
[Black "Pakhomov, Egor"]
[Result "1/2-1/2"]
[WhiteElo "2409"]
[BlackElo "2396"]
[PlyCount "97"]
[EventDate "2012.08.06"]
[EventType "swiss"]
[EventRounds "9"]
[EventCountry "RUS"]
[SourceTitle "CBM 149 Extra"]
[Source "ChessBase"]
[SourceDate "2012.08.24"]
[SourceVersion "1"]
[SourceVersionDate "2012.08.24"]
[SourceQuality "1"]

1. Nf3 d5 2. c4 e6 3. g3 Nf6 4. Bg2 dxc4 5. Qa4+ Nbd7 6. Qxc4 a6 7. Qc2 c5 8. 0-0 b6 9. Ne5 Nd5 10. d4 Bb7 11. Rd1 cxd4 12. Nc6 Qc7 13. Bxd5 exd5 14. Nxd4 Bd6 15. Nc3 0-0 16. Qf5 Be5 17. Bf4 Bxf4 18. Qxf4 Qxf4 19. gxf4 Rfd8 20. Nf5 Nf6 21. Rd4 g6 22. Ne3 Rac8 23. Rad1 Kf8 24. f3 Ke7 25. a4 a5 26. Kf2 Rd7 27. R1d2 Rc5 28. f5 Bc6 29. fxg6 hxg6 30. h4 Ke6 31. Rd1 Rc7 32. Ng2 Nh5 33. Ne3 Nf6 34. R1d2 Ke5 35. Rd1 Ke6 36. Ng2 Nh5 37. R1d2 Ke5 38. Ne1 Rc4 39. Nc2 Bb7 40. e3 Ng7 41. f4+ Kf5 42. Rxc4 Rxc4 43. Nxd5 Bxd5 44. Rxd5+ Ke6 45. Re5+ Kd6 46. Nd4 Rxa4 47. Rb5 Kc7 48. Kf3 Ra1 49. Ke4 1/2-1/2

[Event "RUS-chT 19th"]
[Site "Sochi"]
[Date "2012.04.11"]
[Round "3"]
[White "Shimanov, Aleksandr"]
[Black "Gritsenko, Andrey"]
[Result "1/2-1/2"]
[WhiteElo "2591"]
[BlackElo "2401"]
[PlyCount "86"]
[EventDate "2012.04.09"]
[EventType "team-swiss"]
[EventRounds "7"]
[EventCountry "RUS"]
[SourceTitle "CBM 148"]
[Source "ChessBase"]
[SourceDate "2012.05.16"]
[SourceVersion "1"]
[SourceVersionDate "2012.05.16"]
[SourceQuality "1"]
[WhiteTeam "St Petersburg Chigorin CC"]
[BlackTeam "Vladivostok"]
[WhiteTeamCountry "RUS"]
[BlackTeamCountry "RUS"]

1. d4 d5 2. c4 c6 3. Nf3 Nf6 4. Nc3 a6 5. e3 b5 6. b3 Bg4 7. Qc2 Bxf3 8. gxf3 Nbd7 9. f4 e6 10. c5 Be7 11. Bd3 g6 12. b4 a5 13. bxa5 Rxa5 14. Bd2 0-0 15. a4 Qa8 16. 0-0 Ra7 17. Ra2 bxa4 18. Nxa4 Rb8 19. Rfa1 Qb7 20. Nc3 Rxa2 21. Nxa2 Ra8 22. Rb1 Qc7 23. Nb4 Kg7 24. Qb2 Qc8 25. Ra1 Ne4 26. Be1 f5 27. f3 Nef6 28. Ra6 Rxa6 29. Bxa6 Qc7 30. Nd3 Nb8 31. Qb7 Nxa6 32. Qxa6 Nd7 33. Ba5 Qb8 34. Qxc6 Qb1+ 35. Ne1 Bh4 36. Qxd7+ Kh6 37. Kf1 Qa2 38. Nd3 Qxa5 39. Ke2 Qa2+ 40. Kd1 Qb3+ 41. Kd2 Qa2+ 42. Kc3 Qc4+ 43. Kd2 Qa2+ 1/2-1/2

[Event "Vladivostok op-A"]
[Site "Vladivostok"]
[Date "2010.08.09"]
[Round "6"]
[White "Gritsenko, Andrey"]
[Black "Muratov, Sergey"]
[Result "0-1"]
[WhiteElo "2390"]
[BlackElo "2236"]
[PlyCount "82"]
[EventDate "2010.08.04"]
[EventType "swiss"]
[EventRounds "9"]
[EventCountry "RUS"]
[SourceTitle "CBM 138 Extra"]
[Source "ChessBase"]
[SourceDate "2010.10.29"]
[SourceVersion "1"]
[SourceVersionDate "2010.10.29"]
[SourceQuality "1"]

1. e4 c6 2. d4 d5 3. e5 Bf5 4. Nf3 e6 5. Be2 Ne7 6. 0-0 Nd7 7. Nbd2 h6 8. Ne1 Qb6 9. Nb3 a5 10. a4 Nc8 11. Be3 Be7 12. Bd3 Bxd3 13. Nxd3 Qc7 14. f4 g6 15. g4 Ncb6 16. f5 gxf5 17. gxf5 Nc4 18. Bf4 0-0-0 19. Qh5 Rh7 20. Kh1 b6 21. Qh3 Kb7 22. fxe6 fxe6 23. Qxe6 Nf8 24. Qg4 Qd7 25. Qxd7+ Rxd7 26. Nbc1 Ne6 27. Ne2 Bg5 28. Bxg5 hxg5 29. Rf6 Rde7 30. c3 Nd2 31. Ng3 Rh8 32. Re1 g4 33. Re2 Nf3 34. Ne1 Neg5 35. Nxf3 gxf3 36. Rc2 Rg7 37. Nf5 Rgg8 38. Nd6+ Kc7 39. Rc1 Ne4 40. Rf7+ Kb8 41. Nxe4 Rg2 0-1

[Event "RUS-chT2 17th"]
[Site "Dagomys"]
[Date "2010.04.07"]
[Round "6"]
[White "Gritsenko, Andrey"]
[Black "Ovod, Evgenija"]
[Result "1/2-1/2"]
[WhiteElo "2388"]
[BlackElo "2421"]
[PlyCount "60"]
[EventDate "2010.04.01"]
[EventType "team-tourn"]
[EventRounds "7"]
[EventCountry "RUS"]
[SourceTitle "CBM 135 Extra"]
[Source "ChessBase"]
[SourceDate "2010.05.04"]
[SourceVersion "1"]
[SourceVersionDate "2010.05.04"]
[SourceQuality "1"]

1. e4 e5 2. Nf3 Nc6 3. Bb5 Nf6 4. 0-0 Bc5 5. c3 0-0 6. d4 Bb6 7. Bg5 h6 8. Bh4 d6 9. Qd3 Qe7 10. Nbd2 Nb8 11. Ba4 c6 12. h3 Nbd7 13. Bc2 Rd8 14. Nh2 g5 15. Bg3 Nf8 16. Nc4 Nh5 17. Qf3 Nxg3 18. fxg3 exd4 19. Nxb6 axb6 20. cxd4 Ne6 21. Rad1 c5 22. Ng4 Nxd4 23. Nf6+ Kh8 24. Rxd4 cxd4 25. Nd5 g4 26. Qf4 Qg5 27. Qxf7 Qg7 28. Qh5 Qg5 29. Qf7 Qg7 30. Qh5 Qg5 1/2-1/2

[Event "RUS-chT2 17th"]
[Site "Dagomys"]
[Date "2010.04.02"]
[Round "1"]
[White "Gritsenko, Andrey"]
[Black "Vorobiov, Evgeny E"]
[Result "0-1"]
[WhiteElo "2388"]
[BlackElo "2616"]
[PlyCount "66"]
[EventDate "2010.04.01"]
[EventType "team-tourn"]
[EventRounds "7"]
[EventCountry "RUS"]
[SourceTitle "CBM 135 Extra"]
[Source "ChessBase"]
[SourceDate "2010.05.04"]
[SourceVersion "1"]
[SourceVersionDate "2010.05.04"]
[SourceQuality "1"]

1. e4 c5 2. Nf3 d6 3. d4 cxd4 4. Nxd4 Nf6 5. Nc3 a6 6. Be3 e6 7. g4 h6 8. f3 b5 9. Qd2 b4 10. Nce2 e5 11. Nf5 d5 12. 0-0-0 d4 13. Nexd4 exd4 14. e5 Ng8 15. Nxd4 Bc5 16. Bc4 Ne7 17. Qd3 Qb6 18. h4 Nbc6 19. Qe4 Nxd4 20. Bxd4 Bxd4 21. Rxd4 Qc6 22. Qxc6+ Nxc6 23. Rd6 Nd8 24. Rhd1 Ke7 25. Rb6 a5 26. Bd5 Ra7 27. Rb8 Bd7 28. Be4 Re8 29. g5 hxg5 30. hxg5 Ne6 31. Rxe8+ Bxe8 32. g6 fxg6 33. c3 Rc7 0-1

[Event "Peterhof 08"]
[Site "Peterhof"]
[Date "2009.08.10"]
[Round "12"]
[White "Morozov, Grigory"]
[Black "Gritsenko, Andrey"]
[Result "1/2-1/2"]
[WhiteElo "2301"]
[BlackElo "2401"]
[PlyCount "74"]
[EventDate "2009.08.04"]
[EventType "tourn"]
[EventRounds "13"]
[EventCountry "RUS"]
[EventCategory "2"]
[SourceTitle "CBM 131 Extra"]
[Source "ChessBase"]
[SourceDate "2009.09.03"]
[SourceVersion "2"]
[SourceVersionDate "2009.09.16"]
[SourceQuality "1"]

1. d4 Nf6 2. c4 c5 3. d5 e6 4. Nc3 exd5 5. cxd5 d6 6. e4 g6 7. Nf3 Bg7 8. Be2 0-0 9. 0-0 Re8 10. Nd2 a6 11. a4 Nbd7 12. Qc2 Ne5 13. Nc4 Nxc4 14. Bxc4 Qe7 15. Re1 Qe5 16. h3 Bd7 17. Bd2 Rab8 18. a5 g5 19. Bf1 g4 20. Qc1 gxh3 21. Bf4 Qh5 22. Bxd6 Ng4 23. Qf4 Rbc8 24. Ra3 Ne5 25. Ne2 Qg6 26. Bxe5 Bxe5 27. Qh4 hxg2 28. Bxg2 Kh8 29. f4 Bxb2 30. Rg3 Qf6 31. Rg5 Rg8 32. Ng3 Rxg5 33. fxg5 Qg7 34. Nh5 Qg6 35. Nf4 Qg7 36. Nh5 Qg6 37. Nf4 Qg7 1/2-1/2

[Event "Peterhof 08"]
[Site "Peterhof"]
[Date "2009.08.07"]
[Round "8"]
[White "Khruschiov, Alexey"]
[Black "Gritsenko, Andrey"]
[Result "1-0"]
[WhiteElo "2408"]
[BlackElo "2401"]
[PlyCount "83"]
[EventDate "2009.08.04"]
[EventType "tourn"]
[EventRounds "13"]
[EventCountry "RUS"]
[EventCategory "2"]
[SourceTitle "CBM 131 Extra"]
[Source "ChessBase"]
[SourceDate "2009.09.03"]
[SourceVersion "2"]
[SourceVersionDate "2009.09.16"]
[SourceQuality "1"]

1. e4 c5 2. Nf3 d6 3. d4 cxd4 4. Nxd4 Nf6 5. Nc3 a6 6. Bg5 e6 7. f4 Be7 8. Qf3 h6 9. Bh4 Nc6 10. 0-0-0 Qc7 11. Be2 g5 12. fxg5 Ne5 13. Qg3 Rg8 14. Nf3 Nxf3 15. Qxf3 hxg5 16. Bg3 Nd7 17. Rhf1 Rf8 18. Qh5 Ne5 19. Qh7 Bd7 20. Bh5 0-0-0 21. Bxe5 dxe5 22. Bxf7 Bb4 23. Rf3 Kb8 24. Qg6 Bc6 25. Bxe6 Bxc3 26. bxc3 Qa5 27. Rxf8 Rxf8 28. Bd5 Ka7 29. Qd6 Rf2 30. Qxe5 Rxg2 31. Qd4+ Qb6 32. Bxc6 Qxd4 33. cxd4 bxc6 34. Rd2 Rg1+ 35. Kb2 Re1 36. e5 c5 37. c3 Kb6 38. Kb3 cxd4 39. cxd4 Kc6 40. d5+ Kd7 41. e6+ Kd6 42. Kb4 1-0

[Event "Peterhof 08"]
[Site "Peterhof"]
[Date "2009.08.06"]
[Round "6"]
[White "Nadjezhdin, Dmitry"]
[Black "Gritsenko, Andrey"]
[Result "1/2-1/2"]
[WhiteElo "2413"]
[BlackElo "2401"]
[PlyCount "45"]
[EventDate "2009.08.04"]
[EventType "tourn"]
[EventRounds "13"]
[EventCountry "RUS"]
[EventCategory "2"]
[SourceTitle "CBM 131 Extra"]
[Source "ChessBase"]
[SourceDate "2009.09.03"]
[SourceVersion "2"]
[SourceVersionDate "2009.09.16"]
[SourceQuality "1"]

1. Nf3 d5 2. d4 Nf6 3. c4 c6 4. Nc3 dxc4 5. a4 Bf5 6. e3 e6 7. Bxc4 Bb4 8. 0-0 0-0 9. Qb3 Qe7 10. Na2 Bd6 11. Nc3 b6 12. Re1 Bb4 13. Bd2 h6 14. e4 Bh7 15. e5 Nfd7 16. Ne4 Bxd2 17. Nfxd2 c5 18. dxc5 Nxc5 19. Nxc5 bxc5 20. Qf3 Nd7 21. Bb5 Nb6 22. Ne4 Bxe4 23. Qxe4 1/2-1/2

[Event "Peterhof 08"]
[Site "Peterhof"]
[Date "2009.08.05"]
[Round "3"]
[White "Gritsenko, Andrey"]
[Black "Terekhov, Andrey"]
[Result "1/2-1/2"]
[WhiteElo "2401"]
[BlackElo "2301"]
[PlyCount "54"]
[EventDate "2009.08.04"]
[EventType "tourn"]
[EventRounds "13"]
[EventCountry "RUS"]
[EventCategory "2"]
[SourceTitle "CBM 131 Extra"]
[Source "ChessBase"]
[SourceDate "2009.09.03"]
[SourceVersion "2"]
[SourceVersionDate "2009.09.16"]
[SourceQuality "1"]

1. e4 c5 2. Nf3 e6 3. d4 cxd4 4. Nxd4 Nc6 5. Nc3 Qc7 6. Be3 Nf6 7. f4 d6 8. Qf3 a6 9. 0-0-0 Be7 10. Rg1 0-0 11. g4 Nxd4 12. Bxd4 e5 13. Bf2 exf4 14. g5 Nd7 15. Nd5 Qd8 16. Qxf4 b5 17. Bd4 Kh8 18. Bd3 Ne5 19. Nb6 Rb8 20. Nxc8 Rxc8 21. Qg3 f6 22. g6 Nxg6 23. h4 Rf7 24. e5 fxe5 25. Bxg6 hxg6 26. Qxg6 Qg8 27. Be3 Qh7 1/2-1/2

[Event "Peterhof 08"]
[Site "Peterhof"]
[Date "2009.08.04"]
[Round "1"]
[White "Lavretzkij, Roman"]
[Black "Gritsenko, Andrey"]
[Result "0-1"]
[WhiteElo "2313"]
[BlackElo "2401"]
[PlyCount "62"]
[EventDate "2009.08.04"]
[EventType "tourn"]
[EventRounds "13"]
[EventCountry "RUS"]
[EventCategory "2"]
[SourceTitle "CBM 131 Extra"]
[Source "ChessBase"]
[SourceDate "2009.09.03"]
[SourceVersion "2"]
[SourceVersionDate "2009.09.16"]
[SourceQuality "1"]

1. d4 d5 2. c4 c6 3. Nf3 Nf6 4. Qc2 dxc4 5. Qxc4 Bf5 6. g3 e6 7. Bg2 Be7 8. 0-0 0-0 9. Nc3 Nbd7 10. e3 Ne4 11. Nd2 Nd6 12. Qe2 e5 13. dxe5 Nxe5 14. e4 Be6 15. h3 Ndc4 16. Rd1 Qb6 17. Nd5 cxd5 18. exd5 Bc5 19. Nxc4 Nxc4 20. dxe6 fxe6 21. Qxc4 Rxf2 22. Kh1 Rxg2 23. Re1 Qc6 24. Qxe6+ Qxe6 25. Rxe6 Rxg3 26. Kh2 Rf3 27. Rb1 Rf2+ 28. Kg3 Rf1 29. b4 Bb6 30. Re7 Rg1+ 31. Kh2 Rc8 0-1

[Event "Moscow op-A"]
[Site "Moscow"]
[Date "2009.02.04"]
[Round "5"]
[White "Gritsenko, Andrey"]
[Black "Iordachescu, Viorel"]
[Result "0-1"]
[WhiteElo "2403"]
[BlackElo "2109"]
[PlyCount "132"]
[EventDate "2009.01.31"]
[EventType "swiss"]
[EventRounds "9"]
[EventCountry "RUS"]
[SourceTitle "EXT 2022"]
[Source "ChessBase"]
[SourceDate "2021.10.06"]
[SourceVersion "1"]
[SourceVersionDate "2021.10.06"]
[SourceQuality "1"]

1. e4 e5 2. Nf3 Nc6 3. Bb5 a6 4. Ba4 Nf6 5. 0-0 Be7 6. Re1 b5 7. Bb3 d6 8. c3 0-0 9. h3 Nb8 10. d4 Nbd7 11. Nbd2 Bb7 12. Bc2 Re8 13. Nf1 Bf8 14. Ng3 c6 15. Bg5 h6 16. Be3 Qc7 17. Nh4 d5 18. dxe5 Nxe5 19. Bf4 c5 20. Nf3 Bd6 21. Nxe5 Bxe5 22. Bxe5 Qxe5 23. exd5 Qxd5 24. Qxd5 Bxd5 25. b3 g6 26. f3 Rxe1+ 27. Rxe1 c4 28. Ne4 Kg7 29. Nc5 a5 30. Kf2 cxb3 31. axb3 Rc8 32. b4 Bc4 33. Nb7 a4 34. Nd6 Rc6 35. Nxc4 Rxc4 36. Re5 Rxc3 37. Be4 h5 38. Rxb5 Rb3 39. Rb8 h4 40. Ra8 a3 41. b5 Rxb5 42. Rxa3 Rb2+ 43. Kg1 Nh5 44. Bd3 Nf4 45. Bf1 Kh6 46. Ra5 Rd2 47. Rb5 Nd5 48. Rb3 Nf4 49. Rb5 f6 50. Ra5 Rb2 51. Rc5 Rb1 52. Rc2 Kg5 53. Kf2 f5 54. Ra2 Rc1 55. Rd2 Nh5 56. Bd3 Ng3 57. Rc2 Rd1 58. Bb5 Rb1 59. Bd3 Ra1 60. Rb2 Ra3 61. Rd2 Kf4 62. Be2 Nh1+ 63. Kg1 Ng3 64. Kf2 g5 65. Bd1 Ra1 66. Rd4+ Ke5 0-1